000 00733nam a2200229Ii 4500
003 JO-AjNU
008 230605s9999||||xx |||||||||||||| ||und||
017 _a15/1/2012
020 _a978-9957-07-985-7
040 _aJO-AjNU
_bara
_erda
_cJO-AjNU
041 _aara
050 1 4 _aLB1051.V9412 2012
100 3 _a/ مؤلف/الحمادي،ناصر بن محمد علي Vygotsky,l.s,
_eauthor
_943143
245 0 0 _aعلم النفس التربوي=Educational Psychology
250 _aط1
264 3 1 _aعمان: دار الفكر،2012
300 _a432ص
336 _atext
_btxt
_2rdacontent
337 _aunmediated
_bn
_2rdamedia
338 _avolume
_bnc
_2rdacarrier
650 4 _a علم النفس التربوي
_943144
999 _aA18527
_c22095
_d22095